<?xml version="1.0" encoding="UTF-8"?>
<record
    xmlns:xsi="http://www.w3.org/2001/XMLSchema-instance"
    xsi:schemaLocation="http://www.loc.gov/MARC21/slim http://www.loc.gov/standards/marcxml/schema/MARC21slim.xsd"
    xmlns="http://www.loc.gov/MARC21/slim">

  <leader>01083nam a22002777a 4500</leader>
  <controlfield tag="005">20081106101154.0</controlfield>
  <controlfield tag="008">081106t        xxu||||| |||| 00| d hin d</controlfield>
  <datafield tag="010" ind1=" " ind2=" ">
    <subfield code="a">HIN-92334</subfield>
  </datafield>
  <datafield tag="020" ind1=" " ind2=" ">
    <subfield code="c">100.00</subfield>
  </datafield>
  <datafield tag="035" ind1=" " ind2=" ">
    <subfield code="a">HN-64680</subfield>
  </datafield>
  <datafield tag="037" ind1=" " ind2=" ">
    <subfield code="b">DBAD / PUB</subfield>
  </datafield>
  <datafield tag="040" ind1=" " ind2=" ">
    <subfield code="a">DPL</subfield>
    <subfield code="b">HN</subfield>
  </datafield>
  <datafield tag="082" ind1=" " ind2=" ">
    <subfield code="a">821</subfield>
  </datafield>
  <datafield tag="100" ind1=" " ind2=" ">
    <subfield code="9">27262</subfield>
  </datafield>
  <datafield tag="245" ind1=" " ind2=" ">
    <subfield code="a">&#x928;&#x935; &#x905;&#x930;&#x94D;&#x91A;&#x928;&#x93E; &#x915;&#x947; &#x938;&#x94D;&#x935;&#x930;:</subfield>
    <subfield code="c">&#x91B;&#x947;&#x926;&#x940; &#x938;&#x93E;&#x939; &#x926;&#x94D;&#x935;&#x93E;&#x930;&#x93E; &#x938;&#x902;&#x92A;&#x93E;&#x926;&#x93F;&#x924;</subfield>
    <subfield code="b">&#x915;&#x935;&#x93F;&#x924;&#x93E;- &#x938;&#x902;&#x915;&#x932;&#x928; /</subfield>
  </datafield>
  <datafield tag="246" ind1=" " ind2=" ">
    <subfield code="a">Nav archna ke Swar</subfield>
    <subfield code="b">ed.by Chedi Saha</subfield>
  </datafield>
  <datafield tag="260" ind1=" " ind2=" ">
    <subfield code="a">&#x92C;&#x93F;&#x939;&#x93E;&#x930;</subfield>
    <subfield code="b">&#x92A;&#x94D;&#x930;&#x917;&#x924;&#x93F;&#x936;&#x940;&#x932; &#x932;&#x947;&#x916;&#x915; &#x938;&#x902;&#x918;</subfield>
    <subfield code="c">2011</subfield>
  </datafield>
  <datafield tag="270" ind1=" " ind2=" ">
    <subfield code="a">&#x928;&#x935;&#x917;&#x91B;&#x93F;&#x92F;&#x93E;</subfield>
    <subfield code="b">&#x92C;&#x93F;&#x939;&#x93E;&#x930;</subfield>
  </datafield>
  <datafield tag="300" ind1=" " ind2=" ">
    <subfield code="a">52&#x92A;&#x943;.</subfield>
    <subfield code="c">22&#x938;&#x947;&#x92E;&#x940;(&#x938;&#x91C;&#x93F;&#x932;&#x94D;&#x926;)</subfield>
  </datafield>
  <datafield tag="650" ind1=" " ind2=" ">
    <subfield code="a">&#x939;&#x93F;&#x928;&#x94D;&#x926;&#x940; &#x915;&#x935;&#x93F;&#x924;&#x93E;</subfield>
    <subfield code="9">27268</subfield>
  </datafield>
  <datafield tag="650" ind1=" " ind2=" ">
    <subfield code="a">Hindi  Poetry</subfield>
    <subfield code="9">27263</subfield>
  </datafield>
  <datafield tag="700" ind1=" " ind2=" ">
    <subfield code="a">&#x938;&#x93E;&#x939;, &#x91B;&#x947;&#x926;&#x940; </subfield>
    <subfield code="9">27271</subfield>
  </datafield>
  <datafield tag="710" ind1=" " ind2=" ">
    <subfield code="9">27272</subfield>
  </datafield>
  <datafield tag="942" ind1=" " ind2=" ">
    <subfield code="2">ddc</subfield>
    <subfield code="c">HN</subfield>
    <subfield code="m">&#x928;&#x935;&#x905;</subfield>
    <subfield code="h">821</subfield>
  </datafield>
  <datafield tag="999" ind1=" " ind2=" ">
    <subfield code="c">51604</subfield>
    <subfield code="d">51604</subfield>
  </datafield>
  <datafield tag="952" ind1=" " ind2=" ">
    <subfield code="0">0</subfield>
    <subfield code="1">0</subfield>
    <subfield code="2">ddc</subfield>
    <subfield code="4">0</subfield>
    <subfield code="7">1</subfield>
    <subfield code="8">NFIC</subfield>
    <subfield code="a">DBAD</subfield>
    <subfield code="b">DBAD</subfield>
    <subfield code="d">2011-04-13</subfield>
    <subfield code="e">DBAD / PUB</subfield>
    <subfield code="g">100.00</subfield>
    <subfield code="l">0</subfield>
    <subfield code="o">824 &#x928;&#x935;&#x905;</subfield>
    <subfield code="p">HN-64680</subfield>
    <subfield code="r">2011-04-13 00:00:00</subfield>
    <subfield code="t">1</subfield>
    <subfield code="v">100.00</subfield>
    <subfield code="w">2011-04-13</subfield>
    <subfield code="y">HN</subfield>
  </datafield>
</record>
